00844cam a22002531 4500001001300000003000400013005001700017008004100034010001700075035001800092040001900110050002300129051001500152100002100167245004100188260006700229300006200296410004600358500003600404504002800440650005900468650004600527999001700573gs 63000003 DLC20260227111412.0720321s1962 xx 000 0 eng  ags 63000003  a(OCoLC)268260 aDLCcOAkUdDLC00aQE185b.A2 no. 323 aQE199b.R41 aRiley, George C.10aStephenville map-area, Newfoundland. a[Ottawa]bDept. of Mines and Technical Surveys, Canadac[1962] axvi, 72 p.bfront., maps (2 fold. col. in pocket) tables.20aGeological Survey of Canada.tMemoirv323 aAbstract in English and French. aBibliography: p. 58-59. 0aGeologyzNewfoundland and LabradorzStephenville area. 0aGeologyzNewfoundland and LabradorxMaps. c29660d29660